• AIU
  • Tony Wilmot Memorial Library

An introduction to microcomputers. (Record no. 58831)

MARC details
000 -LEADER
fixed length control field 00891cam a2200277 i 4500
001 - CONTROL NUMBER
control field 2239624
003 - CONTROL NUMBER IDENTIFIER
control field OSt
005 - DATE AND TIME OF LATEST TRANSACTION
control field 20140317153440.0
008 - FIXED-LENGTH DATA ELEMENTS--GENERAL INFORMATION
fixed length control field 760921m19751977caua 001 0 eng
010 ## - LIBRARY OF CONGRESS CONTROL NUMBER
LC control number 76374891
020 ## - INTERNATIONAL STANDARD BOOK NUMBER
Terms of availability $7.50 (v. 1)
040 ## - CATALOGING SOURCE
Original cataloging agency DLC
Transcribing agency DLC
Modifying agency DLC
050 00 - LIBRARY OF CONGRESS CALL NUMBER
Classification number TK7888.3
Item number .A3 1975
082 00 - DEWEY DECIMAL CLASSIFICATION NUMBER
Classification number 001.64
Edition number 19
110 2# - MAIN ENTRY--CORPORATE NAME
Corporate name or jurisdiction name as entry element Adam Osborne and Associates.
9 (RLIN) 26033
245 13 - TITLE STATEMENT
Title An introduction to microcomputers.
260 ## - PUBLICATION, DISTRIBUTION, ETC. (IMPRINT)
Place of publication, distribution, etc Berkeley, Calif. :
Name of publisher, distributor, etc Adam Osborne and Associates,
Date of publication, distribution, etc c1975-1977.
300 ## - PHYSICAL DESCRIPTION
Extent 3 v. :
Other physical details ill. ;
Dimensions 21 cm.
500 ## - GENERAL NOTE
General note On cover of v. O, 2: by Adam Osborne.
500 ## - GENERAL NOTE
General note Includes indexes.
505 0# - FORMATTED CONTENTS NOTE
Formatted contents note v. O. The beginner's book.--[v. 1. Without special title].--v. 2. Some real products.
650 #0 - SUBJECT ADDED ENTRY--TOPICAL TERM
Topical term or geographic name as entry element Microcomputers.
9 (RLIN) 26034
700 1# - ADDED ENTRY--PERSONAL NAME
Personal name Osborne, Adam.
9 (RLIN) 26035
906 ## - LOCAL DATA ELEMENT F, LDF (RLIN)
a 7
b cbc
c orignew
d 2
e ncip
f 19
g y-gencatlg
942 ## - ADDED ENTRY ELEMENTS (KOHA)
Source of classification or shelving scheme Library of Congress Classification
Koha item type Books
Holdings
Withdrawn status Lost status Source of classification or shelving scheme Damaged status Not for loan Collection code Home library Current library Shelving location Date acquired Source of acquisition Cost, normal purchase price Total Checkouts Full call number Barcode Date last seen Price effective from Koha item type
    Library of Congress Classification     General Circulation AIU/NEGST - Tony Wilmot Memorial Library AIU/NEGST - Tony Wilmot Memorial Library General Stacks 03/17/2014 Donation 21.00   TK 7888.3 .A3 1975 R28117X3232 09/26/2019 03/17/2014 Books